00435nam a2200169Ia 4500003000400000005001700004008004100021020001800062040000700080041000800087082002600095100002300121245005500144260003800199300001500237365001300252OSt20230511164530.0210423s2008 xx 000 0 und d a9780387772813 cAL aeng a574.015195223b PAUD aPAULSON (Daryl S). aBiostatistics and microbiology: a survival manual. aNew DelhibSpringer Pvt Ltdc2008 aix,216bPB b595cINR